[Event "Chessable Masters Play In"]
[Site "Chess.com INT"]
[Date "2024.01.31"]
[Round "8"]
[White "Rustemov, Alexander"]
[Black "Volokitin, Andrei"]
[Result "1-0"]
[WhiteElo "2525"]
[BlackElo "2663"]
[PlyCount "79"]
[EventDate "2024.01.31"]
[EventType "swiss (rapid)"]
[EventRounds "9"]
[EventCountry "USA"]
[SourceTitle "CB06_2024"]
[SourceDate "2024.02.07"]
[SourceVersion "1"]
[SourceVersionDate "2024.02.07"]
[SourceQuality "1"]

1. d4 Nf6 2. c4 g6 3. g3 Bg7 4. Bg2 0-0 5. Nc3 Nc6 6. Nf3 d5 7. cxd5 Nxd5 8. 0-0 e5 9. Bg5 f6 10. Bc1 Nxc3 11. bxc3 e4 12. Nd2 f5 13. e3 Be6 14. Rb1 Na5 15. Ba3 Rf7 16. Bb4 Nc4 17. Qe2 Nxd2 18. Qxd2 Bc4 19. Rfd1 Qd5 20. Rb2 g5 21. Re1 Re8 22. Qc2 Re6 23. a4 a5 24. Ba3 b6 25. Qb1 Bf8 26. Bxf8 Kxf8 27. Qd1 f4 28. exf4 gxf4 29. Qg4 Bd3 30. Bf1 Bxf1 31. Rxf1 e3 32. fxe3 fxe3 33. Rxf7+ Kxf7 34. Re2 Kf8 35. Qf4+ Kg8 36. Rxe3 Rxe3 37. Qxe3 Qc6 38. Qg5+ Kf7 39. Qf5+ Kg8 40. Qc2 1-0

[Event "London Classic 13th"]
[Site "London"]
[Date "2023.12.05"]
[Round "5"]
[White "Moussard, Jules"]
[Black "Volokitin, Andrei"]
[Result "1/2-1/2"]
[WhiteElo "2639"]
[BlackElo "2660"]
[PlyCount "84"]
[EventDate "2023.12.01"]
[EventType "tourn"]
[EventRounds "9"]
[EventCountry "ENG"]
[EventCategory "16"]
[SourceTitle "CB50_2023"]
[SourceDate "2023.12.13"]
[SourceVersion "1"]
[SourceVersionDate "2023.12.13"]
[SourceQuality "1"]

1. c4 Nf6 2. Nc3 e5 3. Nf3 Nc6 4. g3 d5 5. cxd5 Nxd5 6. Bg2 Nf6 7. 0-0 h6 8. a3 a6 9. b4 Bd6 10. d4 0-0 11. d5 Na7 12. Nd2 Nb5 13. Bb2 Nxc3 14. Bxc3 Bg4 15. h3 Bh5 16. Nc4 Re8 17. Rc1 Bg6 18. Qb3 Be4 19. Rfd1 Qd7 20. Nxd6 Bxg2 21. Nxe8 Qxh3 22. Nxf6+ gxf6 23. f3 Bf1 24. Rxf1 Qxg3+ 25. Kh1 Qh3+ 26. Kg1 Qg3+ 27. Kh1 Kh8 28. Qc4 Qh3+ 29. Kg1 Qg3+ 30. Kh1 Rg8 31. Qg4 Rxg4 32. fxg4 Qh3+ 33. Kg1 Qg3+ 34. Kh1 Qh4+ 35. Kg1 Qxg4+ 36. Kh1 Qe4+ 37. Kg1 Qg4+ 38. Kh1 Qh3+ 39. Kg1 Qg3+ 40. Kh1 Qh4+ 41. Kg1 Qg5+ 42. Kh1 Qh5+ 1/2-1/2

[Event "FIDE Grand Swiss"]
[Site "Douglas"]
[Date "2023.10.30"]
[Round "6"]
[White "Volokitin, Andrei"]
[Black "Wagner, Dennis"]
[Result "1/2-1/2"]
[WhiteElo "2664"]
[BlackElo "2589"]
[PlyCount "70"]
[EventDate "2023.10.25"]
[EventType "swiss"]
[EventRounds "11"]
[EventCountry "IOM"]
[SourceTitle "Mega2024 Update 01"]
[Source "Chessbase"]
[SourceDate "2023.11.12"]
[SourceVersion "1"]
[SourceVersionDate "2023.11.12"]
[SourceQuality "1"]

1. e4 e5 2. Nf3 Nc6 3. Bb5 a6 4. Ba4 Nf6 5. 0-0 Be7 6. Re1 b5 7. Bb3 0-0 8. a4 b4 9. d4 d6 10. dxe5 Nxe5 11. Nxe5 dxe5 12. Qxd8 Rxd8 13. Nd2 Bc5 14. Nf3 Ng4 15. Be3 Bxe3 16. fxe3 Rd6 17. Rad1 Be6 18. Rxd6 cxd6 19. Rd1 Bxb3 20. cxb3 Nf6 21. Rxd6 Nxe4 22. Rb6 a5 23. Nxe5 Nc5 24. Nf3 Nxb3 25. Rc6 Rd8 26. Nd4 Nxd4 27. exd4 f5 28. Rc4 Re8 29. Kf2 Re4 30. Kf3 g6 31. Rc8+ Kf7 32. Rd8 b3 33. Rd5 Ke6 34. Rxa5 Rxd4 35. Rb5 Rxa4 1/2-1/2

[Event "World-chT Rapid"]
[Site "Dusseldorf"]
[Date "2023.08.28"]
[Round "12"]
[White "Grischuk, Alexander"]
[Black "Volokitin, Andrei"]
[Result "1/2-1/2"]
[WhiteElo "2736"]
[BlackElo "2661"]
[PlyCount "37"]
[EventDate "2023.08.26"]
[EventType "team-swiss (rapid)"]
[EventRounds "12"]
[EventCountry "GER"]
[SourceTitle "CBM 215 Extra"]
[Source "ChessBase"]
[SourceDate "2023.09.30"]
[SourceVersion "1"]
[SourceVersionDate "2023.09.30"]
[SourceQuality "1"]
[WhiteTeam "Linz AlphaEchecs"]
[BlackTeam "Ashdod Elit CC"]
[WhiteTeamCountry "AUT"]
[BlackTeamCountry "ISR"]

1. d4 Nf6 2. Nf3 d5 3. c4 e6 4. Nc3 Bb4 5. Bg5 h6 6. Bxf6 Qxf6 7. e3 0-0 8. Rc1 dxc4 9. Bxc4 c5 10. 0-0 cxd4 11. Nxd4 Bd7 12. Qb3 Nc6 13. Nxc6 Bxc3 14. Rxc3 Bxc6 15. Bb5 Bd5 16. Bc4 Bc6 17. Bb5 Bd5 18. Bc4 Bc6 19. Bb5 1/2-1/2

[Event "World-chT Rapid"]
[Site "Dusseldorf"]
[Date "2023.08.26"]
[Round "1.5"]
[White "Perossa, Nicolas"]
[Black "Volokitin, Andrei"]
[Result "0-1"]
[WhiteElo "2265"]
[BlackElo "2661"]
[PlyCount "64"]
[EventDate "2023.08.26"]
[EventType "team-swiss (rapid)"]
[EventRounds "12"]
[EventCountry "GER"]
[SourceTitle "CBM 215 Extra"]
[Source "ChessBase"]
[SourceDate "2023.09.30"]
[SourceVersion "1"]
[SourceVersionDate "2023.09.30"]
[SourceQuality "1"]
[WhiteTeam "Mitropa Chess Association"]
[BlackTeam "Ashdod Elit CC"]
[WhiteTeamCountry "GER"]
[BlackTeamCountry "ISR"]

1. e4 c5 2. Nf3 d6 3. d4 cxd4 4. Nxd4 Nf6 5. Nc3 a6 6. h3 e5 7. Nde2 h5 8. g3 Be7 9. Bg2 b5 10. Be3 Nbd7 11. 0-0 0-0 12. Nd5 Nxd5 13. exd5 h4 14. f4 hxg3 15. Nxg3 f5 16. Qh5 exf4 17. Nxf5 Nf6 18. Nh6+ gxh6 19. Qg6+ Kh8 20. Qxh6+ Nh7 21. Be4 Bf5 22. Rxf4 Bxe4 23. Rxe4 Bg5 24. Bd4+ Bf6 25. Be3 Bxb2 26. Re1 Qf6 27. Qh5 Qf5 28. Qxf5 Rxf5 29. a4 Rg8+ 30. Kh1 Rh5 31. h4 Nf6 32. Rb4 Bc3 0-1

[Event "TUR-chT"]
[Site "Ankara"]
[Date "2023.07.17"]
[Round "8.2"]
[White "Demchenko, Anton"]
[Black "Volokitin, Andrei"]
[Result "1/2-1/2"]
[WhiteElo "2623"]
[BlackElo "2674"]
[PlyCount "67"]
[EventDate "2023.07.10"]
[EventType "team-tourn"]
[EventRounds "11"]
[EventCountry "TUR"]
[SourceTitle "EXT 2024"]
[Source "ChessBase"]
[SourceDate "2023.10.10"]
[SourceVersion "1"]
[SourceVersionDate "2023.10.10"]
[SourceQuality "1"]
[WhiteTeam "Hukukcu Fenerbahceliler"]
[BlackTeam "Deniz Su Aquamatch"]
[WhiteTeamCountry "TUR"]
[BlackTeamCountry "TUR"]

1. e4 c5 2. Nf3 d6 3. Nc3 Nf6 4. Be2 e5 5. Bc4 Be7 6. d3 0-0 7. a4 Nc6 8. 0-0 h6 9. Bd2 Kh8 10. h3 Nd4 11. Nxd4 cxd4 12. Ne2 Be6 13. Bxe6 fxe6 14. c3 dxc3 15. Bxc3 Qb6 16. Ng3 Rac8 17. d4 d5 18. a5 Qb5 19. dxe5 Nxe4 20. Nxe4 dxe4 21. Qg4 Bc5 22. Qxe4 Bxf2+ 23. Rxf2 Rxf2 24. Kxf2 Rxc3 25. bxc3 Qb2+ 26. Qe2 Qxa1 27. Qb5 Qxc3 28. Qe8+ Kh7 29. Qxe6 Qc2+ 30. Kg1 Qc1+ 31. Kh2 Qf4+ 32. Kh1 Qf1+ 33. Kh2 Qf4+ 34. Kh1 1/2-1/2

[Event "TUR-chT"]
[Site "Ankara"]
[Date "2023.07.12"]
[Round "3.5"]
[White "Gukesh, Dommaraju"]
[Black "Volokitin, Andrei"]
[Result "1/2-1/2"]
[WhiteElo "2744"]
[BlackElo "2674"]
[PlyCount "66"]
[EventDate "2023.07.10"]
[EventType "team-tourn"]
[EventRounds "11"]
[EventCountry "TUR"]
[SourceTitle "EXT 2024"]
[Source "ChessBase"]
[SourceDate "2023.10.10"]
[SourceVersion "1"]
[SourceVersionDate "2023.10.10"]
[SourceQuality "1"]
[WhiteTeam "Turk Hava Yollari"]
[BlackTeam "Deniz Su Aquamatch"]
[WhiteTeamCountry "TUR"]
[BlackTeamCountry "TUR"]

1. e4 c5 2. Nf3 d6 3. Bb5+ Nd7 4. a4 Ngf6 5. Nc3 a6 6. Be2 g6 7. a5 Bg7 8. d3 0-0 9. Nd2 Ne5 10. f4 Nc6 11. Nc4 Be6 12. g4 Bxc4 13. dxc4 Nxa5 14. g5 Nd7 15. h4 Nc6 16. h5 Nd4 17. hxg6 fxg6 18. Bg4 e6 19. Ne2 Qe7 20. Ra3 Rf7 21. Rah3 Nf8 22. Ng3 b5 23. c3 Nc6 24. 0-0 b4 25. f5 Be5 26. cxb4 Nxb4 27. f6 Qb7 28. Ne2 Rb8 29. Bf4 Nc6 30. b3 Bxf4 31. Nxf4 Nd4 32. Re3 h6 33. Ne2 h5 1/2-1/2

[Event "TUR-chT"]
[Site "Ankara"]
[Date "2023.07.11"]
[Round "2.3"]
[White "Volokitin, Andrei"]
[Black "Sanal, Vahap"]
[Result "1/2-1/2"]
[WhiteElo "2674"]
[BlackElo "2585"]
[PlyCount "76"]
[EventDate "2023.07.10"]
[EventType "team-tourn"]
[EventRounds "11"]
[EventCountry "TUR"]
[SourceTitle "EXT 2024"]
[Source "ChessBase"]
[SourceDate "2023.10.10"]
[SourceVersion "1"]
[SourceVersionDate "2023.10.10"]
[SourceQuality "1"]
[WhiteTeam "Deniz Su Aquamatch"]
[BlackTeam "Gokturk"]
[WhiteTeamCountry "TUR"]
[BlackTeamCountry "TUR"]

1. e4 e5 2. Nf3 Nc6 3. Bc4 Bc5 4. 0-0 Nf6 5. d3 d6 6. c3 a6 7. a4 Ba7 8. Re1 h6 9. Nbd2 0-0 10. h3 Re8 11. b4 Be6 12. Bxe6 Rxe6 13. Bb2 Re8 14. b5 Ne7 15. d4 Ng6 16. Qb3 Nf4 17. c4 Nd7 18. Qe3 Qf6 19. c5 Qg6 20. Nh4 Qg5 21. Ndf3 Nxh3+ 22. Kf1 Qxe3 23. fxe3 Ng5 24. cxd6 Nxe4 25. dxc7 Rac8 26. Rac1 Bb6 27. Nxe5 Nxe5 28. dxe5 Rxc7 29. Rxc7 Bxc7 30. Nf3 axb5 31. axb5 Ng5 32. Rc1 Ne6 33. Ra1 Rd8 34. Bd4 Rd5 35. b6 Bd8 36. Ke2 Rb5 37. Ra8 Kh7 38. Rb8 Bxb6 1/2-1/2

[Event "Krakow Euro Pairs Blitz Qual"]
[Site "Krakow"]
[Date "2023.06.19"]
[Round "1.1"]
[White "Duda, Jan Krzysztof"]
[Black "Volokitin, Andrei"]
[Result "1-0"]
[WhiteElo "2732"]
[BlackElo "2674"]
[PlyCount "56"]
[EventDate "2023.06.19"]
[EventType "tourn (blitz)"]
[EventRounds "7"]
[EventCountry "POL"]
[EventCategory "17"]
[SourceTitle "CBM 214 Extra"]
[Source "ChessBase"]
[SourceDate "2023.07.31"]
[SourceVersion "1"]
[SourceVersionDate "2023.07.31"]
[SourceQuality "1"]
[WhiteTeam "Poland"]
[BlackTeam "Ukraine"]
[WhiteTeamCountry "POL"]
[BlackTeamCountry "UKR"]

1. d4 Nf6 2. Bg5 e6 3. e4 h6 4. Bxf6 Qxf6 5. c3 d6 6. Bd3 g6 7. Ne2 Bg7 8. 0-0 Qe7 9. f4 e5 10. Nd2 Nd7 11. Kh1 Nf6 12. dxe5 dxe5 13. f5 Bd7 14. Qc2 0-0-0 15. fxg6 fxg6 16. Nc4 h5 17. Ng1 h4 18. Nf3 h3 19. g3 Ng4 20. Rae1 Rhf8 21. Qe2 Bh6 22. Nh4 Qe6 23. Rxf8 Rxf8 24. Rf1 Bc6 25. Rxf8+ Bxf8 26. Nf3 Bc5 27. Ng5 Qd7 28. Nxh3 Nf6 1-0

[Event "Krakow Euro Pairs Blitz-B"]
[Site "Krakow"]
[Date "2023.06.19"]
[Round "2.2"]
[White "Rodshtein, Maxim"]
[Black "Volokitin, Andrei"]
[Result "0-1"]
[WhiteElo "2604"]
[BlackElo "2674"]
[PlyCount "58"]
[EventDate "2023.06.19"]
[EventType "k.o. (blitz)"]
[EventRounds "2"]
[EventCountry "POL"]
[SourceTitle "CBM 214 Extra"]
[Source "ChessBase"]
[SourceDate "2023.07.31"]
[SourceVersion "1"]
[SourceVersionDate "2023.07.31"]
[SourceQuality "1"]
[WhiteTeam "Israel"]
[BlackTeam "Ukraine"]
[WhiteTeamCountry "ISR"]
[BlackTeamCountry "UKR"]

1. d4 Nf6 2. c4 e6 3. Nc3 Bb4 4. Qc2 d5 5. a3 Bxc3+ 6. Qxc3 0-0 7. e3 b6 8. cxd5 exd5 9. Bd3 Ba6 10. Bxa6 Nxa6 11. Qd3 Qc8 12. Ne2 c5 13. 0-0 c4 14. Qc2 b5 15. f3 Re8 16. Bd2 Nb8 17. a4 b4 18. Bxb4 Rxe3 19. Ng3 Nc6 20. Bc5 Qe6 21. Qd2 Re8 22. h3 h5 23. Rf2 h4 24. Nf1 Re2 25. Rxe2 Qxe2 26. Qg5 Qxb2 27. Rd1 Re2 28. Kh1 c3 29. Rc1 Rxg2 0-1

[Event "Krakow Euro Pairs Blitz Qual"]
[Site "Krakow"]
[Date "2023.06.19"]
[Round "3.1"]
[White "Shevchenko, Kirill"]
[Black "Volokitin, Andrei"]
[Result "1-0"]
[WhiteElo "2694"]
[BlackElo "2674"]
[PlyCount "71"]
[EventDate "2023.06.19"]
[EventType "tourn (blitz)"]
[EventRounds "7"]
[EventCountry "POL"]
[EventCategory "17"]
[SourceTitle "CBM 214 Extra"]
[Source "ChessBase"]
[SourceDate "2023.07.31"]
[SourceVersion "1"]
[SourceVersionDate "2023.07.31"]
[SourceQuality "1"]
[WhiteTeam "Romania"]
[BlackTeam "Ukraine"]
[WhiteTeamCountry "ROU"]
[BlackTeamCountry "UKR"]

1. e4 c5 2. Nf3 d6 3. Nc3 Nf6 4. d4 cxd4 5. Nxd4 a6 6. f4 e5 7. Nb3 Be7 8. fxe5 dxe5 9. Qxd8+ Kxd8 10. Be3 Be6 11. 0-0-0+ Nbd7 12. Nd5 Bxd5 13. exd5 Ng4 14. Bg1 Bg5+ 15. Kb1 Ne3 16. h4 Bh6 17. Bxe3 Bxe3 18. Rh3 Bb6 19. d6 Rc8 20. g4 Nf6 21. g5 Nh5 22. Nd2 Nf4 23. Rb3 Ba5 24. Nc4 b6 25. Nxe5 Rf8 26. Bxa6 Rc5 27. Nc4 Nd5 28. Nxa5 Rxa5 29. Bc4 Re8 30. a3 Ne3 31. Rd4 Nf5 32. Rd2 Re1+ 33. Ka2 Ne3 34. Be2 Re5 35. Rxb6 Rd5 36. Bb5 1-0

[Event "Krakow Euro Pairs Blitz-B"]
[Site "Krakow"]
[Date "2023.06.19"]
[Round "2.1"]
[White "Volokitin, Andrei"]
[Black "Rodshtein, Maxim"]
[Result "1-0"]
[WhiteElo "2674"]
[BlackElo "2604"]
[PlyCount "57"]
[EventDate "2023.06.19"]
[EventType "k.o. (blitz)"]
[EventRounds "2"]
[EventCountry "POL"]
[SourceTitle "CBM 214 Extra"]
[Source "ChessBase"]
[SourceDate "2023.07.31"]
[SourceVersion "1"]
[SourceVersionDate "2023.07.31"]
[SourceQuality "1"]
[WhiteTeam "Ukraine"]
[BlackTeam "Israel"]
[WhiteTeamCountry "UKR"]
[BlackTeamCountry "ISR"]

1. e4 e5 2. Nf3 Nc6 3. Bc4 Bc5 4. 0-0 d6 5. c3 Nf6 6. d3 a6 7. a4 Ba7 8. Re1 h6 9. Nbd2 g5 10. b4 Nh7 11. Kh1 0-0 12. Rf1 Kh8 13. d4 Qf6 14. b5 Ne7 15. Bb3 Ng6 16. Nc4 Bg4 17. Ne3 Bxf3 18. gxf3 Nf4 19. Nf5 Rad8 20. Rg1 Rg8 21. Be3 axb5 22. axb5 Bb6 23. Qf1 Nf8 24. Bxf4 exf4 25. h4 Ne6 26. Qh3 Rg6 27. Bxe6 fxe6 28. hxg5 Rxg5 29. Rxg5 1-0

[Event "Aimchess Play In op"]
[Site "Chess.com INT"]
[Date "2023.06.12"]
[Round "1"]
[White "Iniyan, Panneerseluam"]
[Black "Volokitin, Andrei"]
[Result "0-1"]
[WhiteElo "2525"]
[BlackElo "2674"]
[PlyCount "42"]
[EventDate "2023.06.12"]
[EventType "swiss (rapid)"]
[EventRounds "9"]
[EventCountry "USA"]
[SourceTitle "CBM 214 Extra"]
[Source "ChessBase"]
[SourceDate "2023.07.31"]
[SourceVersion "1"]
[SourceVersionDate "2023.07.31"]
[SourceQuality "1"]

1. d4 Nf6 2. c4 e6 3. Nc3 Bb4 4. Qc2 d5 5. cxd5 exd5 6. Bg5 Nc6 7. e3 h6 8. Bh4 g5 9. Bg3 Ne4 10. Bd3 Qe7 11. Bxe4 Qxe4 12. Qxe4+ dxe4 13. h4 Rg8 14. hxg5 hxg5 15. Bxc7 Be6 16. Nge2 Rc8 17. Bg3 Bc4 18. a3 Ba5 19. b4 Nxb4 20. axb4 Bxb4 21. 0-0-0 Bxe2 0-1

[Event "Aimchess Play In op"]
[Site "Chess.com INT"]
[Date "2023.06.12"]
[Round "3"]
[White "Volokitin, Andrei"]
[Black "Firouzja, Alireza"]
[Result "1/2-1/2"]
[WhiteElo "2674"]
[BlackElo "2786"]
[PlyCount "98"]
[EventDate "2023.06.12"]
[EventType "swiss (rapid)"]
[EventRounds "9"]
[EventCountry "USA"]
[SourceTitle "CBM 214 Extra"]
[Source "ChessBase"]
[SourceDate "2023.07.31"]
[SourceVersion "1"]
[SourceVersionDate "2023.07.31"]
[SourceQuality "1"]

1. e4 c6 2. d4 d5 3. e5 Bf5 4. Nf3 e6 5. Be2 Ne7 6. c3 h6 7. 0-0 Nd7 8. Nbd2 a5 9. a4 Bh7 10. Re1 Nf5 11. Nf1 Be7 12. Bd3 0-0 13. Qc2 Bg6 14. Ng3 Nxg3 15. Bxg6 fxg6 16. fxg3 Qe8 17. h4 c5 18. g4 cxd4 19. cxd4 Nb8 20. Bd2 Nc6 21. Qd3 h5 22. gxh5 gxh5 23. Rf1 Rf5 24. Ng5 Bxg5 25. hxg5 Qg6 26. Rxf5 Qxf5 27. Qxf5 exf5 28. Rc1 Kf7 29. Rc5 Ke6 30. Bc3 Re8 31. Rb5 Rb8 32. Kf2 b6 33. Ke3 h4 34. g6 Na7 35. Rb3 Nc6 36. Rb5 Na7 37. Rb3 Nc6 38. Kf4 Rb7 39. Kg5 Rb8 40. Kxh4 Rb7 41. Kg5 Rb8 42. Rb5 Na7 43. Rb3 Nc6 44. Kf4 Rb7 45. Rb5 Na7 46. Rb3 Nc6 47. Rb5 Rb8 48. Kg5 Na7 49. Rb3 Nc6 1/2-1/2

[Event "Aimchess Play In op"]
[Site "Chess.com INT"]
[Date "2023.06.12"]
[Round "8"]
[White "Volokitin, Andrei"]
[Black "Nasuta, Grzegorz"]
[Result "0-1"]
[WhiteElo "2674"]
[BlackElo "2555"]
[PlyCount "96"]
[EventDate "2023.06.12"]
[EventType "swiss (rapid)"]
[EventRounds "9"]
[EventCountry "USA"]
[SourceTitle "CBM 214 Extra"]
[Source "ChessBase"]
[SourceDate "2023.07.31"]
[SourceVersion "1"]
[SourceVersionDate "2023.07.31"]
[SourceQuality "1"]

1. e4 e5 2. Nf3 Nc6 3. Bc4 Nf6 4. d3 Bc5 5. 0-0 a6 6. a4 h6 7. c3 d6 8. Re1 0-0 9. h3 Re8 10. Nbd2 Ba7 11. b4 Be6 12. Bxe6 Rxe6 13. Bb2 Qd7 14. Nf1 Ne7 15. c4 Ng6 16. Ng3 c6 17. d4 exd4 18. Nxd4 Bxd4 19. Qxd4 Rae8 20. a5 Qc7 21. Nf5 c5 22. bxc5 dxc5 23. Qc3 Rxe4 24. Rxe4 Rxe4 25. Nxg7 Rf4 26. g3 Ne4 27. Ne8 Nxc3 28. Nxc7 Rxc4 29. Re1 Ne4 30. Nd5 f5 31. Ne3 Rb4 32. Nxf5 Nxg3 33. fxg3 Rxb2 34. Nxh6+ Kg7 35. Nf5+ Kf6 36. Nd6 Ne5 37. Ne4+ Kg6 38. Rf1 c4 39. Rf6+ Kg7 40. Rf5 Nd3 41. h4 Re2 42. Nc3 Rc2 43. Nd5 c3 44. Rf3 Rc1+ 45. Kh2 c2 46. Rxd3 Rh1+ 47. Kxh1 c1Q+ 48. Kg2 Qc2+ 0-1